| 000 | 00526nam a22001817a 4500 | ||
|---|---|---|---|
| 003 | CEME | ||
| 005 | 20210628202149.0 | ||
| 008 | 210209b xxu||||| |||| 00| 0 eng d | ||
| 020 | _a1-58053-266-7 | ||
| 040 | _c. | ||
| 082 | _a005.1 YOU | ||
| 100 |
_aYoung , Ralph . R _958537 |
||
| 245 | _aThe requirements engineering handbook | ||
| 260 |
_aLONDON _bARTECH HOUSE _c2004 |
||
| 300 | _aXX,254P | ||
| 650 |
_aCOMPUTER SOFT WARE -DEVELOPMENT. SYSTEM ENGINEERING-HANDBOOK.SYSTEM ANALYSIS-HANDBOOKS _958538 |
||
| 942 |
_cBK _2ddc |
||
| 999 |
_c568721 _d568721 |
||